000 00614nam a2200205Ia 4500
003 GCL
005 20240530095259.0
008 140319s9999 xx 000 0 eng d
020 _a0 85199 575 6
040 _aGCL /
_cGCL
082 0 4 _a307.14
_bB G
100 1 _aBIGMAN, DAVID
245 1 _aGLOBALIZATION AND THE DEVELOPING COUNTRIES /
_cBIGMAN, DAVID
260 _aانجلترا :
_bCABI PUBLISHING ،
_c2002
300 _a24 CM ؛
_c336 P
650 0 4 _aDEVELOPING COUNTRIES
650 0 4 _aDEVELOPING COUNTRIES - ECONOMIC POLICY
650 0 4 _aECONOMIC DEVELOPMENT - DEVELOPING COUNTRIES
942 _2ddc
_cBK
999 _c5724
_d5724